| 000 | 00615nam a22001817a 4500 | ||
|---|---|---|---|
| 003 | CEME | ||
| 005 | 20210628210107.0 | ||
| 008 | 210211b xxu||||| |||| 00| 0 eng d | ||
| 020 | _a0-7680-0322-9 | ||
| 040 | _c. | ||
| 082 | _a629.2549 ELE | ||
| 100 |
_aJurgen, Ronald.K _99497 |
||
| 245 | _aElectronic engine control technologies automotive electronics series | ||
| 260 |
_aUSA _bSAE _c1998 |
||
| 300 | _a441P | ||
| 650 |
_aENGINE CONTROL TECHNOLOGIES INNOVATION SENSORS AIR-FUEL RATIO CONTROL IGNITION CONTROL THROTTLE CONTROL TORQUE CONTROL KNOCK CONTROL PURGE CONTROL ERG CONTROL _978119 |
||
| 942 |
_cBK _2ddc |
||
| 999 |
_c583271 _d583271 |
||